000 01038nam a2200265 a 4500
001 19027
003 BD-RJUL
005 20211209000355.0
008 140223s19501939enk 000 0 eng c
035 _a(BD-RjUL)19085
040 _aColumbia univ. Libraries
_cCLE
_dm.c
_beng
041 _aeng
082 _a822.32
_bMAL 1950
100 1 _aMarlowe, Christopher,
_d1564-1593.
_958619
245 0 4 _aThe plays of Christopher Marlowe /
_cChristopher Marlowe
260 _aLondon :
_bHumphrey Milford, Oxford University Press,
_cc1939 [reprinting 1950]
300 _a467 p. :
_bfacsims. ;
_c16 cm
490 1 _aWorld's classics ;
_v478
500 _aEach play has a facsimile t-p
505 0 _aThe first part of Tamburlaine the Great -- The second part of Tamburlaine the Great -- The tragical history of Doctor Faustus -- The Jew of Malta -- Edward the Second -- The massacre at Paris -- The tragedy of Dido, queen of Carthage
830 0 _v478
_958624
830 0 _aWorld's classics ;
_958625
942 _2ddc
_cBK
999 _c19027
_d19027